000 00584nam a2200181 i 4500
001 58107
003 ES-MaACL
005 20230906163729.0
007 t|
008 031021s1944 xxk ||||1| eng d
100 1 _aDowsett, H. M.
_945544
245 1 0 _aHandbook of technical instruction for wireless telegraphist /
_cby H. M. Dowsett and L.E.Q. Walker.
250 _a7th ed. rev. and enlarged.
260 _aLondon :
_bIliffe and Sons,
_c1944 (
_eAndover)
300 _aXX, 664 p., 618 fig. ;
_c21 cm.
700 1 _aWalker, L. E. Q.
_9115934
852 _aES-MaACL
_jF-16113
_bR.20918
999 _c58107
_d58107